Галамех: в 4-х томах

Podrobná bibliografie
Hlavní autor: Тертычный-Даури В. Ю. Владимир Юрьевич
Jazyk:ruština
Vydáno: Москва, Физматлит, 2008
Médium: MixedMaterials Kniha
KOHA link:https://koha.lib.tpu.ru/cgi-bin/koha/opac-detail.pl?biblionumber=158838

MARC

LEADER 00000nam1a2200000 4500
001 158838
005 20231031154740.0
010 |a 9785940521518 
035 |a (RuTPU)RU\TPU\book\172267 
090 |a 158838 
100 |a 20090429d k y0rusy50 ca 
101 0 |a rus 
102 |a RU 
200 1 |a Галамех  |e в 4-х томах  |f В. Ю. Тертычный-Даури 
210 |a Москва  |c Физматлит  |d 2008 
700 1 |a Тертычный-Даури  |b В. Ю.  |g Владимир Юрьевич 
801 1 |a RU  |b 63413507  |c 20090429  |g PSBO 
942 |c BK